| 000 | 00774cab a22001935a 4500 | ||
|---|---|---|---|
| 001 | L151242 | ||
| 008 | 101011e20100924xxk 000 0 eng d | ||
| 035 | _a(Sirsi) u151242 | ||
| 041 | 0 | _aeng | |
| 100 | 1 | _aSolon, Mark | |
| 245 | 0 | 2 | _aA matter of protocol |
| 260 | _c2010 | ||
| 490 |
_aNew Law Journal _v160(7434) 24 September 2010, 1305-1306(2) |
||
| 520 | _aDiscussion between experts vary from face-to-face meetings, telephone conversations and video-conferencing. Highliths the pros and cons of each method. Civil Procedure Rules (CPR) provions relating to experts' discussions . | ||
| 590 | _aKA | ||
| 651 | 4 |
_aUnited Kingdom _y |
|
| 690 | _aMANAGEMENT-DISPUTE AVOIDANCE, MANAGEMENT AND RESOLUTION-DISPUTE MANAGEMENT AND RESOLUTION-EXPERT WITNESSES | ||
| 942 | _n0 | ||
| 999 |
_c82739 _d82739 |
||